Statistics for Calgary C-Train Route Quiz

Click here to take the quiz!

General Stats

  • This quiz has been taken 305 times
  • The average score is 28 of 45

Answer Stats

Station% Correct
3rd Street
83%
6th Street
81%
8th Street
81%
University
81%
Chinook
80%
1st Street
79%
4th Street
79%
7th Street
78%
Tuscany
78%
Calgary Zoo
75%
City Hall
75%
Crowfoot
75%
SAIT/ACAD/Jubilee
74%
69th Street
73%
Victoria Park/Stampede
73%
Brentwood
71%
Somerset/Bridlewood
71%
Sunnyside
70%
Dalhousie
67%
Heritage
67%
Centre Street
65%
Lions Park
65%
Banff Trail
63%
Erlton/Stampede
62%
Anderson
60%
Saddletowne
60%
Marlborough
59%
Southland
57%
39th Avenue
56%
Bridgeland/Memorial
56%
Fish Creek/Lacombe
56%
McKnight-Westwinds
53%
Canyon Meadows
51%
Rundle
49%
Shawnessy
48%
Westbrook
48%
Barlow-Max Bell
47%
Sunalta
47%
Whitehorn
47%
Downtown West/Kerby
45%
Shaganappi Point
45%
Franklin
44%
Sirocco
40%
45th Street
36%
Martindale
34%

Score Distribution

Percentile by Number Answered

Percent of People with Each Score

Your Score History

You have not taken this quiz